[Event "Goldon Horseshoe op U2000"]
[Site "Mississauga CAN"]
[Date "2018.06.03"]
[Round "4.4"]
[White "Khachaturov, Vadim"]
[Black "Joseph Benher, Savio"]
[Result "1/2-1/2"]
[WhiteElo "1966"]
[BlackElo "1722"]
[PlyCount "107"]
[EventDate "2018.06.02"]
[EventType "swiss"]
[EventRounds "5"]
[EventCountry "CAN"]

1. e4 e6 2. d4 d5 3. Nd2 dxe4 4. Nxe4 Nd7 5. Nf3 Ngf6 6. Nxf6+ Nxf6 7. Bd3 Be7
8. O-O O-O 9. c3 b6 10. Bg5 Bb7 11. Re1 h6 12. Bh4 c5 13. dxc5 Bxc5 14. Qe2 Be7
15. Rad1 Qc8 16. Bb1 Rd8 17. Nd4 Nd5 18. Bg3 Bd6 19. Bxd6 Rxd6 20. Qe5 Rd8 21.
Rd3 Qb8 22. Qxb8 Raxb8 23. g3 Rd7 24. Red1 Rbd8 25. Nb5 Ba6 26. a4 Bxb5 27.
axb5 Nf6 28. f3 Kf8 29. Kf2 Ke7 30. Ke2 Nd5 31. c4 Nb4 32. Rxd7+ Rxd7 33. Rxd7+
Kxd7 34. Kd2 Kd6 35. Kc3 Kc5 36. b3 a6 37. bxa6 Nxa6 38. Bh7 Kd6 39. Be4 Nc5
40. Ba8 e5 41. Bd5 f5 42. b4 Ne6 43. Bxe6 Kxe6 44. h4 h5 45. Kd3 Kd6 46. Ke3
Kc6 47. Kf2 Kd6 48. g4 g6 49. g5 Kc6 50. Ke3 Kd6 51. Ke2 Kc6 52. Kd2 Kd6 53.
Ke3 Kc6 54. Kd3 1/2-1/2

[Event "Goldon Horseshoe op U2000"]
[Site "Mississauga CAN"]
[Date "2018.06.03"]
[Round "4.5"]
[White "Subramanian, Arun"]
[Black "Liu, Harrison"]
[Result "1-0"]
[WhiteElo "1950"]
[BlackElo "1839"]
[PlyCount "53"]
[EventDate "2018.06.02"]
[EventType "swiss"]
[EventRounds "5"]
[EventCountry "CAN"]

1. d4 Nf6 2. Nf3 g6 3. g3 Bg7 4. Bg2 O-O 5. O-O d5 6. b3 c5 7. Bb2 cxd4 8. Bxd4
Nc6 9. Bb2 Bf5 10. Na3 Re8 11. c4 Qa5 12. cxd5 Nxd5 13. Bxg7 Kxg7 14. Nc4 Qd8
15. Nd4 Nc3 16. Nxf5+ gxf5 17. Qc2 Qd4 18. Rac1 Ne4 19. Ne3 e6 20. Rfd1 Qb4 21.
Qb2+ Nf6 22. Bxc6 bxc6 23. Rxc6 Qb5 24. Nd5 Qxc6 25. Qxf6+ Kg8 26. Qg5+ Kh8 27.
Nf6 1-0

[Event "Goldon Horseshoe op U2000"]
[Site "Mississauga CAN"]
[Date "2018.06.03"]
[Round "4.6"]
[White "Wang, Eric"]
[Black "Talsma, Shawn"]
[Result "0-1"]
[WhiteElo "1684"]
[BlackElo "1940"]
[PlyCount "120"]
[EventDate "2018.06.02"]
[EventType "swiss"]
[EventRounds "5"]
[EventCountry "CAN"]

1. c4 Nf6 2. Nc3 g6 3. Nf3 Bg7 4. d4 O-O 5. g3 d5 6. Bg2 c6 7. O-O Re8 8. e3
Nbd7 9. b3 e5 10. dxe5 Nxe5 11. Nxe5 Rxe5 12. Bb2 Re8 13. Rc1 dxc4 14. bxc4 Be6
15. Ne2 Qa5 16. a3 Rad8 17. Qe1 Qc5 18. Qb4 Qxb4 19. axb4 Rd2 20. Bxf6 Bxf6 21.
Nf4 Bb2 22. Rcd1 Rxd1 23. Rxd1 Bxc4 24. Rd7 Rb8 25. Bf1 Bxf1 26. Kxf1 Kf8 27.
Nd3 Bc3 28. Ke2 Ke8 29. Rc7 a5 30. Nc5 axb4 31. Rxb7 Rxb7 32. Nxb7 b3 33. Nd6+
Kd7 34. Nc4 c5 35. Kd3 Bb4 36. Nb2 Ba3 37. Nc4 Bc1 38. Kc3 b2 39. Nxb2 Bxb2+
40. Kxb2 Ke6 41. Kc3 Kd5 42. f3 f5 43. h4 h6 44. Kd3 g5 45. f4 gxh4 46. gxh4 h5
47. e4+ fxe4+ 48. Ke3 c4 49. f5 c3 50. f6 c2 51. Kd2 Ke6 52. f7 Kxf7 53. Kxc2
Kf6 54. Kd2 Ke5 55. Ke3 Kf5 56. Kf2 Kg4 57. Ke3 Kxh4 58. Kf4 Kh3 59. Kxe4 Kg2
60. Kf4 h4 0-1

[Event "Goldon Horseshoe op U2000"]
[Site "Mississauga CAN"]
[Date "2018.06.03"]
[Round "4.8"]
[White "Ran, Charles"]
[Black "Gao, Raymond"]
[Result "1/2-1/2"]
[WhiteElo "1655"]
[BlackElo "1756"]
[PlyCount "41"]
[EventDate "2018.06.02"]
[EventType "swiss"]
[EventRounds "5"]
[EventCountry "CAN"]

1. e4 c5 2. Nc3 Nc6 3. f4 d6 4. Bb5 Bd7 5. Bxc6 Bxc6 6. Nf3 g6 7. O-O Bg7 8. d3
Nf6 9. Qe1 O-O 10. Qh4 b5 11. f5 b4 12. Ne2 Qd7 13. Bh6 a5 14. Ng5 Qe8 15. Bxg7
Kxg7 16. fxg6 hxg6 17. Rxf6 Rh8 18. Rxf7+ Qxf7 19. Qxh8+ Rxh8 20. Nxf7 Kxf7 21.
Rf1+ 1/2-1/2

[Event "Goldon Horseshoe op U2000"]
[Site "Mississauga CAN"]
[Date "2018.06.03"]
[Round "4.9"]
[White "Hack, Justin"]
[Black "Gillanders, Robert"]
[Result "1-0"]
[WhiteElo "1761"]
[BlackElo "1763"]
[PlyCount "55"]
[EventDate "2018.06.02"]
[EventType "swiss"]
[EventRounds "5"]
[EventCountry "CAN"]

1. d4 Nf6 2. c4 c5 3. d5 e6 4. Nc3 exd5 5. cxd5 d6 6. e4 g6 7. f4 Bg7 8. Nf3
O-O 9. Bd3 a6 10. a4 Bg4 11. O-O Re8 12. h3 Bxf3 13. Qxf3 Nbd7 14. Be3 Rc8 15.
Bc2 Qa5 16. Bf2 Qb4 17. Rab1 b5 18. axb5 axb5 19. Bg3 Nh5 20. Bh2 Bd4+ 21. Kh1
f5 22. exf5 Re3 23. Qd1 Ng3+ 24. Bxg3 Rxg3 25. fxg6 hxg6 26. Rf3 Rxf3 27. Qxf3
Kg7 28. Qg4 1-0

[Event "Goldon Horseshoe op U2000"]
[Site "Mississauga CAN"]
[Date "2018.06.03"]
[Round "5.1"]
[White "Calvelo, Jelvis"]
[Black "Bu, Kevin"]
[Result "0-1"]
[WhiteElo "1950"]
[BlackElo "1958"]
[Annotator ",Microsoft"]
[PlyCount "44"]
[EventDate "2018.06.02"]
[EventType "swiss"]
[EventRounds "5"]
[EventCountry "CAN"]

1. c4 e6 2. Nf3 Nf6 3. g3 d5 4. Bg2 c6 5. O-O Be7 6. d4 O-O 7. Qc2 b6 8. Nc3
Bb7 9. b3 Nbd7 10. Bb2 Rc8 11. Rac1 Re8 12. Rfd1 Nf8 13. Ne5 Ba6 14. e4 dxe4
15. Nxe4 Nxe4 16. Qxe4 Ng6 17. h4 Qc7 18. Nd3 Rcd8 19. h5 Nf8 20. c5 bxc5 21.
dxc5 Bb7 22. Qg4 f6 {etc.} 0-1

[Event "Goldon Horseshoe op U2000"]
[Site "Mississauga CAN"]
[Date "2018.06.03"]
[Round "5.3"]
[White "Talsma, Shawn"]
[Black "Subramanian, Arun"]
[Result "0-1"]
[WhiteElo "1940"]
[BlackElo "1950"]
[PlyCount "46"]
[EventDate "2018.06.02"]
[EventType "swiss"]
[EventRounds "5"]
[EventCountry "CAN"]

1. e4 c6 2. d4 d5 3. e5 Bf5 4. f4 e6 5. Bd3 Nh6 6. Nf3 c5 7. c3 Nc6 8. Bxf5
Nxf5 9. g4 Nh4 10. Be3 cxd4 11. Bxd4 Ng2+ 12. Kf2 Nxf4 13. Be3 Ng6 14. Bd4 Be7
15. Nbd2 O-O 16. Kg2 Bg5 17. h4 Bxh4 18. Nxh4 Nxh4+ 19. Kg3 Ng6 20. Nf3 Nxd4
21. Qxd4 f6 22. Qd3 fxe5 23. Nd2 e4 0-1

[Event "Goldon Horseshoe op U2000"]
[Site "Mississauga CAN"]
[Date "2018.06.03"]
[Round "5.4"]
[White "Huang, Youhe"]
[Black "Milinkovic, Mate"]
[Result "1-0"]
[WhiteElo "1950"]
[BlackElo "1869"]
[PlyCount "57"]
[EventDate "2018.06.02"]
[EventType "swiss"]
[EventRounds "5"]
[EventCountry "CAN"]

1. e4 c5 2. Nf3 e6 3. d4 cxd4 4. Nxd4 a6 5. Nc3 Qc7 6. g3 Nc6 7. Be3 Nf6 8. Bg2
Bb4 9. f4 e5 10. Nf5 O-O 11. O-O d6 12. fxe5 dxe5 13. Bg5 Qb6+ 14. Kh1 Bxf5 15.
Rxf5 Bxc3 16. bxc3 Ne8 17. Bf1 Qc5 18. Qe1 Rc8 19. Rd1 Ne7 20. Bxe7 Qxe7 21.
Rd5 f6 22. Qd2 Rf7 23. Bh3 Rc6 24. Rf1 Nd6 25. Rd1 Nc4 26. Rd8+ Rf8 27. Qd5+
Kh8 28. Qd7 Rd6 29. Qxe7 1-0

[Event "Goldon Horseshoe op U2000"]
[Site "Mississauga CAN"]
[Date "2018.06.03"]
[Round "5.6"]
[White "Joseph Benher, Savio"]
[Black "Hack, Justin"]
[Result "1/2-1/2"]
[WhiteElo "1722"]
[BlackElo "1761"]
[PlyCount "47"]
[EventDate "2018.06.02"]
[EventType "swiss"]
[EventRounds "5"]
[EventCountry "CAN"]

1. e4 c5 2. Nf3 d6 3. d4 cxd4 4. Qxd4 Nc6 5. Bb5 Bd7 6. Bxc6 bxc6 7. O-O e5 8.
Qd3 Be7 9. Rd1 h6 10. b3 Nf6 11. Ba3 Qc7 12. Nc3 c5 13. Nd2 Rd8 14. Nc4 Bc6 15.
Ne3 O-O 16. f3 g6 17. Bc1 Kh7 18. Qd2 Ng8 19. Qd3 Qd7 20. Bd2 Bg5 21. Nc4 Be7
22. Ne3 Bg5 23. Nc4 Be7 24. Ne3 1/2-1/2

[Event "Goldon Horseshoe op U2000"]
[Site "Mississauga CAN"]
[Date "2018.06.03"]
[Round "5.7"]
[White "Liu, Harrison"]
[Black "Ran, Charles"]
[Result "1/2-1/2"]
[WhiteElo "1839"]
[BlackElo "1655"]
[PlyCount "109"]
[EventDate "2018.06.02"]
[EventType "swiss"]
[EventRounds "5"]
[EventCountry "CAN"]

1. e4 e5 2. Nf3 Nc6 3. Bb5 a6 4. Ba4 Nf6 5. O-O b5 6. Bb3 Bc5 7. c3 Bb6 8. d4
Qe7 9. Bg5 h6 10. Bh4 O-O 11. Bd5 g5 12. dxe5 Nxd5 13. exd5 Nxe5 14. Bg3 d6 15.
Nxe5 dxe5 16. Qe2 f6 17. c4 Bb7 18. Nc3 Qc5 19. b3 Qd6 20. Rac1 bxc4 21. bxc4
Qe7 22. Rfd1 Rad8 23. Na4 Bd4 24. Rxd4 Qa3 25. Rdd1 Qxa4 26. Rb1 Ba8 27. Rb3
Rb8 28. Rdb1 Rxb3 29. Rxb3 Rd8 30. Qd3 Qe8 31. h4 Kg7 32. hxg5 hxg5 33. Qe3 Qh5
34. f3 c6 35. Qb6 Qe8 36. dxc6 Bxc6 37. Qa7+ Qd7 38. Bf2 Kg6 39. Qxd7 Bxd7 40.
Rb6 Rc8 41. Rd6 Be8 42. c5 Bb5 43. Be3 Kf7 44. Kf2 Ke7 45. Ke1 Rc6 46. Rd2 Ke6
47. Kd1 Ke7 48. Kc2 Rc7 49. Kb3 Rd7 50. Kb4 Rxd2 51. Bxd2 Bf1 52. g3 Bb5 53. a4
Bc6 54. Ka5 Kd7 55. f4 1/2-1/2

[Event "Goldon Horseshoe op U2000"]
[Site "Mississauga CAN"]
[Date "2018.06.03"]
[Round "5.8"]
[White "Liao, Joseph"]
[Black "Wang, Eric"]
[Result "1/2-1/2"]
[WhiteElo "1801"]
[BlackElo "1684"]
[PlyCount "54"]
[EventDate "2018.06.02"]
[EventType "swiss"]
[EventRounds "5"]
[EventCountry "CAN"]

1. e4 e5 2. Nf3 Nc6 3. Bc4 Bc5 4. b4 Bxb4 5. c3 Ba5 6. d4 exd4 7. O-O Nf6 8. e5
d5 9. exf6 dxc4 10. Re1+ Be6 11. fxg7 Rg8 12. Bg5 Qd5 13. Bf6 Qf5 14. Bxd4
O-O-O 15. Nbd2 Nxd4 16. Nxd4 Qg6 17. Qf3 Bxc3 18. Nxe6 Bxa1 19. Nxd8 Rxd8 20.
Rxa1 Rxd2 21. Qh3+ Kb8 22. Re1 Rd8 23. Qd7 Qd6 24. Qxf7 Qd1 25. Kf1 Qg4 26. Qf8
Qc8 27. Qf6 Rg8 1/2-1/2

[Event "Goldon Horseshoe op U2000"]
[Site "Mississauga CAN"]
[Date "2018.06.03"]
[Round "5.9"]
[White "Gao, Raymond"]
[Black "Zarezadegan, Fariborz"]
[Result "1-0"]
[WhiteElo "1756"]
[BlackElo "1603"]
[PlyCount "101"]
[EventDate "2018.06.02"]
[EventType "swiss"]
[EventRounds "5"]
[EventCountry "CAN"]

1. e4 e5 2. Nf3 Nf6 3. Nxe5 d6 4. Nf3 Nxe4 5. d3 Nf6 6. d4 Bg4 7. Bd3 Qe7+ 8.
Be2 c6 9. O-O Qc7 10. Bf4 Be7 11. Nbd2 O-O 12. c4 Re8 13. Qb3 Nh5 14. Bg3 Nxg3
15. fxg3 Bf6 16. Ne4 Nd7 17. Rad1 Re6 18. Qd3 Bf5 19. Nfd2 Bg6 20. Bf3 Kh8 21.
Qc3 h6 22. Kh1 Re7 23. Qa3 Bxd4 24. Qxd6 Qxd6 25. Nxd6 Nf6 26. Rfe1 Rd7 27.
Nxb7 Rxb7 28. Bxc6 Rab8 29. Bxb7 Rxb7 30. b3 Ng4 31. Ne4 Bb6 32. h3 Ne3 33. Nd6
Rd7 34. Rd2 Ba5 35. b4 Bxb4 36. Nxf7+ Bxf7 37. Rxd7 Bxe1 38. Rxf7 Bxg3 39. Rf3
Nxc4 40. Rxg3 Kg8 41. Rc3 Nb6 42. Ra3 Nc8 43. Rb3 Nb6 44. Rc3 Nd5 45. Ra3 Kf7
46. Rxa7+ Kf6 47. a4 g5 48. a5 Ne3 49. a6 Nc4 50. Rc7 Kf5 51. Rxc4 1-0

[Event "Granby"]
[Site "Granby CAN"]
[Date "2018.11.23"]
[Round "1.4"]
[White "Lalonde, Jean-Louis"]
[Black "Papineau (Granby), Daniel"]
[Result "1/2-1/2"]
[WhiteElo "1862"]
[BlackElo "2073"]
[PlyCount "48"]
[EventDate "2018.11.23"]
[EventType "swiss"]
[EventRounds "5"]
[EventCountry "CAN"]

1. d4 Nf6 2. Nf3 e6 3. e3 c5 4. Bd3 d5 5. c3 Be7 6. Nbd2 O-O 7. O-O b6 8. Qe2
Bb7 9. dxc5 bxc5 10. e4 dxe4 11. Nxe4 Nbd7 12. Rd1 Qc8 13. Bf4 Nxe4 14. Bxe4
Bxe4 15. Qxe4 Nf6 16. Qe2 Qb7 17. Ne5 Nd5 18. Bg3 Nf6 19. Bh4 Rad8 20. b3 Rfe8
21. Rxd8 Rxd8 22. Rd1 Rxd1+ 23. Qxd1 Qd5 24. Qxd5 Nxd5 1/2-1/2

[Event "Granby"]
[Site "Granby CAN"]
[Date "2018.11.23"]
[Round "1.5"]
[White "Li, Yi Lin"]
[Black "Simard, Francois"]
[Result "1-0"]
[WhiteElo "1999"]
[BlackElo "1896"]
[PlyCount "43"]
[EventDate "2018.11.23"]
[EventType "swiss"]
[EventRounds "5"]
[EventCountry "CAN"]

1. e4 c5 2. Nf3 e6 3. d4 cxd4 4. Nxd4 Nf6 5. Bd3 Nc6 6. Be3 Ne5 7. O-O Be7 8.
f4 Nxd3 9. cxd3 Qb6 10. Nf5 Bc5 11. Bxc5 Qxc5+ 12. d4 Qb6 13. e5 exf5 14. exf6
Qxf6 15. Re1+ Kd8 16. Nc3 b6 17. d5 Bb7 18. Qe2 d6 19. Kh1 a6 20. Qe3 Rc8 21.
Qxb6+ Rc7 22. Nb5 1-0

[Event "Granby"]
[Site "Granby CAN"]
[Date "2018.11.23"]
[Round "1.6"]
[White "Mathieu, Guillaume"]
[Black "Turcotte, Jonathan"]
[Result "0-1"]
[WhiteElo "1910"]
[BlackElo "2057"]
[PlyCount "90"]
[EventDate "2018.11.23"]
[EventType "swiss"]
[EventRounds "5"]
[EventCountry "CAN"]

1. d4 d5 2. Nf3 Nf6 3. Bg5 Ne4 4. Bh4 c5 5. c3 Nc6 6. e3 Qb6 7. Qb3 c4 8. Qxb6
axb6 9. Nfd2 Nxd2 10. Nxd2 b5 11. e4 e6 12. Be2 b4 13. Bf3 bxc3 14. bxc3 Ra3
15. exd5 exd5 16. Bxd5 Rxc3 17. O-O Nxd4 18. Rad1 Be6 19. Rfe1 Nf5 20. Bxe6
fxe6 21. Rxe6+ Kf7 22. Re4 Nxh4 23. Rxh4 b5 24. a4 Rd3 25. Rh3 Rxh3 26. gxh3 c3
27. Ne4 b4 28. Rc1 Be7 29. Nxc3 bxc3 30. Rxc3 Rb8 31. Kg2 Rb2 32. Rc4 Ra2 33.
h4 Bf6 34. Rf4 Ke6 35. h3 Be5 36. Rb4 Kd5 37. Rb5+ Ke4 38. Rb4+ Bd4 39. Kg3 Kd3
40. f3 Kc3 41. Rb5 Rxa4 42. Rf5 Bf6 43. f4 Kd4 44. Rb5 Ke4 45. Rb3 Ra1 0-1

[Event "Granby"]
[Site "Granby CAN"]
[Date "2018.11.23"]
[Round "1.7"]
[White "Leger, Manon"]
[Black "Samson, Gaetan"]
[Result "1-0"]
[WhiteElo "1783"]
[BlackElo "1762"]
[PlyCount "63"]
[EventDate "2018.11.23"]
[EventType "swiss"]
[EventRounds "5"]
[EventCountry "CAN"]

1. e4 c5 2. Nf3 d6 3. d4 cxd4 4. Nxd4 Nf6 5. Nc3 a6 6. h3 e6 7. g4 Qc7 8. Bg2
Nc6 9. O-O Be7 10. a4 Nd7 11. Nce2 Nde5 12. b3 Ng6 13. Be3 Bf6 14. Qd2 O-O 15.
a5 Bd7 16. Ra3 Rac8 17. Nxc6 Bxc6 18. Bb6 Qe7 19. Ra2 Nh4 20. Bh1 d5 21. f4 Qd7
22. e5 Be7 23. Nd4 Bb5 24. Rf2 Bc5 25. Bxc5 Rxc5 26. Ra1 Rfc8 27. f5 exf5 28.
gxf5 h6 29. Qf4 g5 30. fxg6 Nxg6 31. Qxh6 Rc3 32. Nf5 1-0

[Event "Granby"]
[Site "Granby CAN"]
[Date "2018.11.24"]
[Round "2.4"]
[White "Beaudry, Marc-Andre"]
[Black "Zhong, Kevin"]
[Result "0-1"]
[WhiteElo "1997"]
[BlackElo "2278"]
[PlyCount "43"]
[EventDate "2018.11.23"]
[EventType "swiss"]
[EventRounds "5"]
[EventCountry "CAN"]

1. c4 e6 2. Nc3 d5 3. e3 c5 4. cxd5 exd5 5. Nf3 Nf6 6. d4 Nc6 7. Bb5 a6 8.
Bxc6+ bxc6 9. O-O Bd6 10. dxc5 Bxc5 11. b3 O-O 12. Bb2 Bg4 13. Rc1 Bd6 14. Ne2
Bxf3 15. gxf3 Rc8 16. Qd3 Nh5 17. Qd4 Re8 18. Kh1 Be5 19. Qd2 Qf6 20. Nd4 Bxd4
21. Qxd4 Qxf3+ 22. Kg1 0-1

[Event "Granby"]
[Site "Granby CAN"]
[Date "2018.11.24"]
[Round "2.5"]
[White "Papineau (Granby), Daniel"]
[Black "Leger, Manon"]
[Result "0-1"]
[WhiteElo "2073"]
[BlackElo "1783"]
[PlyCount "64"]
[EventDate "2018.11.23"]
[EventType "swiss"]
[EventRounds "5"]
[EventCountry "CAN"]

1. d4 d5 2. c4 c6 3. Nf3 Nf6 4. Nc3 a6 5. e3 Bg4 6. cxd5 cxd5 7. Qb3 Bxf3 8.
gxf3 Ra7 9. Bd2 e6 10. Rc1 Be7 11. Rg1 O-O 12. Be2 b5 13. Rg2 Rc7 14. Bd3 Nc6
15. Qd1 e5 16. Ne2 Re8 17. Rxc6 Rxc6 18. dxe5 Nd7 19. f4 Nc5 20. Bb1 Ne4 21. f3
Nxd2 22. Qxd2 Bc5 23. Kf1 g6 24. b4 Bb6 25. Ng3 d4 26. Be4 dxe3 27. Qxd8 Rc1+
28. Ke2 Rxd8 29. Nf1 Ra1 30. Nxe3 Rxa2+ 31. Kf1 Rxg2 32. Nxg2 Rd2 0-1

[Event "Granby"]
[Site "Granby CAN"]
[Date "2018.11.24"]
[Round "2.6"]
[White "Nunez, Omar"]
[Black "Lalonde, Jean-Louis"]
[Result "0-1"]
[WhiteElo "1948"]
[BlackElo "1862"]
[PlyCount "104"]
[EventDate "2018.11.23"]
[EventType "swiss"]
[EventRounds "5"]
[EventCountry "CAN"]

1. d4 Nf6 2. Bf4 d6 3. e3 g6 4. Be2 Bg7 5. Nf3 Nbd7 6. O-O O-O 7. h3 c5 8. Nc3
cxd4 9. exd4 a6 10. a4 b6 11. Qd2 Re8 12. Rfe1 Bb7 13. Rad1 Qc7 14. d5 Rac8 15.
Bf1 Nh5 16. Bg5 Ne5 17. Nd4 Nf6 18. Qc1 Nc4 19. Nc6 Bxc6 20. Bxc4 Bb7 21. Bb3
h5 22. Bh6 Qd7 23. Qf4 Kh7 24. Bg5 Kg8 25. Qh4 Rc7 26. Qb4 Qf5 27. Be3 Rxc3 28.
bxc3 Bxd5 29. Bxb6 Bxb3 30. cxb3 Nd5 31. Qa5 Bxc3 32. Rxd5 Bxa5 33. Rxf5 Bxe1
34. Rd5 Rb8 35. Ba5 Bxa5 36. Rxa5 Rxb3 37. Rxa6 Rb1+ 38. Kh2 Kg7 39. Ra5 Ra1
40. Kg3 Kf6 41. h4 e6 42. Kf3 d5 43. g3 Ra3+ 44. Ke2 d4 45. Kd2 e5 46. Ke2 e4
47. Ra6+ Ke5 48. Ra5+ Kd6 49. Ra6+ Kc5 50. Rf6 Ra2+ 51. Kd1 Rxa4 52. f3 e3 0-1

[Event "Granby"]
[Site "Granby CAN"]
[Date "2018.11.24"]
[Round "2.7"]
[White "Zheng, Richard"]
[Black "Page, Dany"]
[Result "1-0"]
[WhiteElo "2028"]
[BlackElo "1624"]
[PlyCount "55"]
[EventDate "2018.11.23"]
[EventType "swiss"]
[EventRounds "5"]
[EventCountry "CAN"]

1. d4 d5 2. c4 c6 3. Nc3 Nf6 4. e3 e6 5. Bd3 dxc4 6. Bxc4 b5 7. Bd3 Bb7 8. Nf3
Nbd7 9. O-O a6 10. e4 c5 11. d5 c4 12. Bc2 Qc7 13. Qe2 Bd6 14. Re1 Ng4 15. h3
Nge5 16. Nd4 Nc5 17. Rd1 O-O 18. f4 Ned3 19. e5 exd5 20. exd6 Nxc1 21. Raxc1
Qxd6 22. Qf2 b4 23. Nf5 Qc7 24. Qh4 g6 25. Ne7+ Kg7 26. Ncxd5 Bxd5 27. Nxd5 Qa7
28. Qf6+ 1-0

[Event "Granby"]
[Site "Granby CAN"]
[Date "2018.11.24"]
[Round "2.8"]
[White "Parenteau, François"]
[Black "Mathieu, Guillaume"]
[Result "0-1"]
[WhiteElo "1871"]
[BlackElo "1910"]
[PlyCount "60"]
[EventDate "2018.11.23"]
[EventType "swiss"]
[EventRounds "5"]
[EventCountry "CAN"]

1. d4 Nf6 2. Nf3 g6 3. Bf4 Bg7 4. Nc3 d5 5. Qd2 Ne4 6. Nxe4 dxe4 7. Ne5 Nd7 8.
Bh6 O-O 9. Nxd7 Bxd7 10. h4 f6 11. O-O-O Be6 12. f3 Qd5 13. b3 Rfd8 14. c4 Qc6
15. h5 Bxh6 16. Qxh6 g5 17. e3 exf3 18. Bd3 f5 19. Qxg5+ Kh8 20. Qxe7 Rf8 21.
d5 Bxd5 22. Qe5+ Qf6 23. Qxf6+ Rxf6 24. cxd5 fxg2 25. Rhg1 Re8 26. Rde1 f4 27.
exf4 Rxe1+ 28. Rxe1 Rxf4 29. Rg1 Rf2 30. Be4 Rf1+ 0-1

[Event "Granby"]
[Site "Granby CAN"]
[Date "2018.11.24"]
[Round "2.9"]
[White "Simard, Francois"]
[Black "Mok, Yuen Tak"]
[Result "0-1"]
[WhiteElo "1896"]
[BlackElo "1924"]
[PlyCount "100"]
[EventDate "2018.11.23"]
[EventType "swiss"]
[EventRounds "5"]
[EventCountry "CAN"]

1. Nf3 d5 2. c4 e6 3. d4 c6 4. Nc3 dxc4 5. e3 b5 6. a4 Bb4 7. Bd2 a5 8. b3 Bxc3
9. Bxc3 b4 10. Bb2 c3 11. Bc1 Nf6 12. Ne5 Qb6 13. Qf3 O-O 14. Bd3 Bb7 15. Qh3
Ba6 16. Bc2 g6 17. Qh6 Ra7 18. h4 Nbd7 19. Nxd7 Rxd7 20. h5 Qa7 21. hxg6 fxg6
22. Rh3 Rg7 23. Qg5 Bc8 24. Rf3 Nd7 25. Rxf8+ Nxf8 26. f3 Rd7 27. Be4 Qc7 28.
Ra2 Bb7 29. Qc5 Rf7 30. f4 Nd7 31. Qc4 Qd6 32. g3 Nf6 33. Bf3 Rd7 34. Re2 Kg7
35. Rg2 Nd5 36. e4 Nb6 37. Qc5 Qxc5 38. dxc5 Nc8 39. Be3 Ba6 40. e5 Ne7 41. Kf2
Bd3 42. Rg1 Bc2 43. g4 Bxb3 44. f5 exf5 45. gxf5 Nxf5 46. Bxc6 Rc7 47. Bb5 Nxe3
48. Kxe3 Rxc5 49. Ke4 c2 50. Rc1 Kf8 0-1

[Event "Granby"]
[Site "Granby CAN"]
[Date "2018.11.24"]
[Round "3.2"]
[White "Zhong, Kevin"]
[Black "Li, Yi Lin"]
[Result "1/2-1/2"]
[WhiteElo "2278"]
[BlackElo "1999"]
[PlyCount "115"]
[EventDate "2018.11.23"]
[EventType "swiss"]
[EventRounds "5"]
[EventCountry "CAN"]

1. e4 c5 2. Ne2 e5 3. Nbc3 Ne7 4. g3 d5 5. exd5 Nxd5 6. Bg2 Be6 7. d3 Nc6 8.
Ne4 Be7 9. O-O O-O 10. f4 Qd7 11. fxe5 Nxe5 12. Nf4 Nxf4 13. Bxf4 Ng4 14. h3 f5
15. hxg4 fxe4 16. dxe4 Qxd1 17. Raxd1 Bxg4 18. Rd2 Rad8 19. Rff2 g5 20. Be3 h6
21. e5 b6 22. Bd5+ Kg7 23. c4 Rxf2 24. Rxf2 Rf8 25. Bd2 Kg6 26. Bc3 h5 27. Be4+
Kh6 28. Bd5 Bf5 29. Rh2 Bg4 30. Rf2 Bf5 31. Rd2 Kg6 32. Bc6 Rd8 33. Rxd8 Bxd8
34. Be8+ Kh6 35. Bf7 Bg6 36. Bd5 Kg7 37. Kf2 Kf8 38. Kf3 Bf5 39. Be4 Bg4+ 40.
Ke3 Be6 41. Bg6 Bxc4 42. Bxh5 Bxa2 43. Ke4 Be6 44. Be2 Kf7 45. Bb5 Be7 46. Bd2
Kf8 47. Be3 Kg7 48. Bd2 Kg6 49. Be8+ Kh6 50. Bc6 Kg7 51. Bb5 Kh6 52. Bc6 Kg6
53. Be8+ Kh6 54. Bc6 Kg6 55. Be8+ Kg7 56. Bb5 Kf7 57. Be3 Bd8 58. Bd2 1/2-1/2

[Event "Granby"]
[Site "Granby CAN"]
[Date "2018.11.24"]
[Round "3.3"]
[White "Leger, Manon"]
[Black "Zheng, Richard"]
[Result "0-1"]
[WhiteElo "1783"]
[BlackElo "2028"]
[PlyCount "72"]
[EventDate "2018.11.23"]
[EventType "swiss"]
[EventRounds "5"]
[EventCountry "CAN"]

1. e4 e5 2. Nf3 Nc6 3. Bb5 f5 4. O-O fxe4 5. Bxc6 dxc6 6. Nxe5 Nf6 7. d4 Bd6 8.
Nc3 O-O 9. Qe2 Qe7 10. Bg5 Bxe5 11. dxe5 Qxe5 12. Bxf6 Qxf6 13. Qxe4 Bf5 14.
Qc4+ Kh8 15. Rac1 Rad8 16. Qf4 Rf7 17. Nd1 Rdf8 18. c3 Qe6 19. Qd2 Qg6 20. Qe3
Bg4 21. Kh1 b6 22. Qd2 Qh5 23. Ne3 Be2 24. Rfe1 Rxf2 25. Kg1 Ba6 26. Qxf2 Rxf2
27. Kxf2 Qxh2 28. Nf5 h6 29. Ng3 Qh4 30. Re4 Qf6+ 31. Kg1 Qg5 32. Rd1 Qxg3 33.
Rd8+ Kh7 34. Ree8 Bc4 35. a3 Bd5 36. Re2 Bxg2 0-1

[Event "Granby"]
[Site "Granby CAN"]
[Date "2018.11.24"]
[Round "3.4"]
[White "Lalonde, Jean-Louis"]
[Black "Turcotte, Jonathan"]
[Result "0-1"]
[WhiteElo "1862"]
[BlackElo "2057"]
[PlyCount "66"]
[EventDate "2018.11.23"]
[EventType "swiss"]
[EventRounds "5"]
[EventCountry "CAN"]

1. d4 d5 2. Nf3 Nf6 3. e3 Bf5 4. c4 e6 5. a3 c6 6. Nc3 Be7 7. Be2 h6 8. O-O
Nbd7 9. b4 a6 10. Bd2 O-O 11. Be1 Bd6 12. Nh4 Bh7 13. f4 b5 14. c5 Bc7 15. Nf3
Ne4 16. Ne5 Nxe5 17. dxe5 f6 18. Bg4 Bf5 19. Nxe4 dxe4 20. Bxf5 exf5 21. Qb3+
Kh7 22. Rd1 Qe8 23. e6 Rd8 24. Bc3 Qe7 25. g4 fxg4 26. f5 Be5 27. Bxe5 fxe5 28.
Qc2 Rxd1 29. Rxd1 Rxf5 30. Qxe4 Qxe6 31. Rd6 Qf7 32. Rd2 Qg6 33. Qc2 Rf3 0-1

[Event "Granby"]
[Site "Granby CAN"]
[Date "2018.11.24"]
[Round "3.5"]
[White "Leger, Maxime"]
[Black "Mercure, Gilbert"]
[Result "1-0"]
[WhiteElo "2058"]
[BlackElo "1925"]
[PlyCount "50"]
[EventDate "2018.11.23"]
[EventType "swiss"]
[EventRounds "5"]
[EventCountry "CAN"]

1. e4 d5 2. exd5 Nf6 3. Nc3 Nxd5 4. Bc4 Nb6 5. Bb3 Nc6 6. Nf3 Bf5 7. O-O e6 8.
d3 Be7 9. h3 h5 10. Ne4 Nd4 11. Re1 Nxb3 12. axb3 Nd5 13. Ng3 Qd6 14. Nxf5 exf5
15. Nd4 f4 16. c4 c5 17. Nb5 Qb6 18. cxd5 Kf8 19. d6 Bxd6 20. Nxd6 Qxd6 21. Qf3
g5 22. h4 f6 23. Qxb7 Rb8 24. Qe4 Rb4 25. Qe8+ Kg7 1-0